Экономика организаций финансовой сферы, учебное пособие

Bibliographische Detailangaben
1. Verfasser: Буханцева С. Н.
Zusammenfassung:В учебном пособии определена роль и место экономических организаций финансовой сферы деятельности. Даны основные понятия и определения, охарактеризованы банковская и финансовая деятельность, основные участники финансовой сферы экономической деятельности. Описана сущность, функции и структура мегарегулятора РФ. Рассмотрены основные аспекты соответствующих видов профессиональной деятельности на финансовом рынке, их законодательного и нормативного регулирования в Российской Федерации. Учебное пособие предназначено для изучения в высших учебных заведениях дисциплины «Экономика организаций финансовой сферы» по направлению 38.03.01 «Экономика».
Книга из коллекции РТУ МИРЭА - Экономика и менеджмент
Veröffentlicht: Москва, РТУ МИРЭА, 2023
Online-Zugang:https://e.lanbook.com/book/329051
https://e.lanbook.com/img/cover/book/329051.jpg
Format: MixedMaterials Elektronisch Buch

MARC

LEADER 00000nam0a2200000 i 4500
001 RU-LAN-BOOK-329051
010 |a 978-5-7339-1702-3 
100 |a 20230505d2023 k y0rusy01020304ca 
101 0 |a rus 
102 |a RU 
105 |a y z 000zy 
106 |a z 
200 1 |a Экономика организаций финансовой сферы  |b Электронный ресурс  |f Буханцева С. Н.  |e учебное пособие 
210 |a Москва  |b Москва  |c РТУ МИРЭА  |d 2023 
215 |a 67 с. 
330 |a В учебном пособии определена роль и место экономических организаций финансовой сферы деятельности. Даны основные понятия и определения, охарактеризованы банковская и финансовая деятельность, основные участники финансовой сферы экономической деятельности. Описана сущность, функции и структура мегарегулятора РФ. Рассмотрены основные аспекты соответствующих видов профессиональной деятельности на финансовом рынке, их законодательного и нормативного регулирования в Российской Федерации. Учебное пособие предназначено для изучения в высших учебных заведениях дисциплины «Экономика организаций финансовой сферы» по направлению 38.03.01 «Экономика». 
333 |a Книга из коллекции РТУ МИРЭА - Экономика и менеджмент 
675 |a 3367 
686 |a 6526  |2 rubbk 
700 1 |a Буханцева  |b С. Н. 
801 1 |a RU  |b Издательство Лань  |c 20230505  |g RCR 
856 4 |u https://e.lanbook.com/book/329051 
856 4 1 |u https://e.lanbook.com/img/cover/book/329051.jpg 
953 |a https://e.lanbook.com/img/cover/book/329051.jpg